| 000 | 00707nam a2200265 a 4500 | ||
|---|---|---|---|
| 001 | nice12345678 | ||
| 003 | IN_TiNIC | ||
| 005 | 20260116013609.0 | ||
| 008 | 050524s1992 lona grp 000 0 eng | ||
| 020 |
_a0194238 _c1957.55 |
||
| 082 | 0 | 0 |
_a153.9 _bDAV |
| 100 | _aDavidson, Herbert A | ||
| 245 |
_aAlfarabi, Avicenna and Averroes on Intellect _b Their Cosmologies, Theories |
||
| 260 |
_aLondan _bOxford University Press _c1992 |
||
| 300 | _a363p | ||
| 500 | _aincludes index and biblioraphy | ||
| 505 | 2 | _aIndex | |
| 650 | _aAvicenna | ||
| 650 | _aAverroes | ||
| 650 | _aPhilosophy-Islamic | ||
| 700 | 1 | _aDavidson, Herbert A | |
| 902 | _bSRS | ||
| 942 | _cBK | ||
| 999 |
_c11606 _d11606 |
||